000 01708nam a2200397 i 4500
001 14537
003 Mx-PuUPA
005 20260129111940.0
008 140415s2014 sp a gr 001 0 spa d
017 _aZ 1643-2014
020 _a9788416272419
040 _cMx-PuUPA
_aMx-PuUPA
_bspa
_dMx-PuUPA
_erda
041 0 _aspa
100 1 _aAranda Usón, José Alfonso,
_eautor
_917718
245 1 0 _aSistemas de gestión de la energía ISO 50001 /
_cAlfonso Aranda Usón, Francisco Barrio Moreno, Ma. Pilar García León y Eduardo Alcalde Germán
250 _a1a. edición
264 1 _aZaragoza, España :
_bPrensas de la Universidad de Zaragoza,
_c2014
300 _a142 páginas :
_bilustraciones, gráficas (blanco y negro) ;
_c23 cm
336 _2rdacontent
_atexto
_btxt
337 _2rdamedia
_asin medio
_bn
338 _2rdacarrier
_avolumen
_bnc
490 0 _aTextos docentes ;
_v241
490 0 _aEficiencia energética
650 7 _2armarc
_aIndustria energética
_xAdministración
650 7 _2armarc
_aIndustria energética
_xNormas
650 7 _2armarc
_aEnergía
_xGestión ambiental
650 7 _2armarc
_aEmpresas
_xConsumos de energía
_vNorma
700 1 _aBarrio Moreno, Francisco,
_eautor
700 1 _aGarcía León, Ma. Pilar,
_eautor
700 1 _aAlcalde Germán, Eduardo,
_eautor
942 _2ddc
_cLI
_h333.793217
_iA65
999 _c14537
_d14537